Online
Catalog

Carta al padre / : (Record no. 34115)

MARC details
000 -CABECERA
campo de control de longitud fija 00580nam a2200181 u 4500
001 - NÚMERO DE CONTROL
campo de control 000034624
005 - FECHA Y HORA DE LA ÚLTIMA TRANSACCIÓN
campo de control 20200930073813.0
008 - DATOS DE LONGITUD FIJA--INFORMACIÓN GENERAL
campo de control de longitud fija 111010s2005 cl a 000 0 spa d
020 ## - NÚMERO INTERNACIONAL ESTÁNDAR DEL LIBRO
Número Internacional Estándar del Libro 9583001864
040 ## - FUENTE DE LA CATALOGACIÓN
Centro catalogador/agencia de origen DO-SdBNP
Lengua de catalogación spa
Centro/agencia transcriptor BNPHU
082 ## - NÚMERO DE LA CLASIFICACIÓN DECIMAL DEWEY
Número de clasificación xxxx
Número de documento/Ítem xxxx
100 1# - ENTRADA PRINCIPAL--NOMBRE DE PERSONA
Nombre de persona Kafka, Franz,
Fechas asociadas al nombre 1883-1924
9 (RLIN) 31399
245 10 - MENCIÓN DE TÍTULO
Título Carta al padre / :
Resto del título Franz Kafka ; traducción José Martín Cristancho M.
260 ## - PUBLICACIÓN, DISTRIBUCIÓN, ETC.
Lugar de publicación, distribución, etc. Bogotá, :
Nombre del editor, distribuidor, etc. Panamericana,
Fecha de publicación, distribución, etc. 2005.
300 ## - DESCRIPCIÓN FÍSICA
Extensión 92 p. ;
Dimensiones 21 cm.
500 ## - NOTA GENERAL
Nota general Incluye notas al pie de las páginas
700 1# - PUNTO DE ACCESO ADICIONAL--NOMBRE DE PERSONA
Nombre de persona Cristancho M., José Martín,
Término indicativo de función/relación tr.
9 (RLIN) 60063
Holdings
Estado de retiro Estado de pérdida Restricciones de uso No para préstamo Código de colección Localización permanente Ubicación/localización actual Ubicación en estantería Fecha de adquisición Número de inventario Total de préstamos Signatura topográfica completa Código de barras Fecha visto por última vez Precio válido a partir de Tipo de ítem Koha
      Excluido de préstamo Monografías: Libros y Folletos General General Depósito 10.10.2011 LF1   xxxx xxxx 34624-10 25.06.2020 25.06.2020 No se presta

Powered by Koha